000 00914nas a2200277 4500
001 BR2012002791
003 BR-BrBNA
005 20231205120429.0
007 ta
008 230509b bl.|||p| |||| 00| 00por d
040 _aBR-BrBNA
_bpor
_cBiblioteca Nacional de Agricultura
041 _a(Pt)
072 _aF70
100 1 _aHentschke, G.S.
100 1 _aTorgan, L.C.
245 1 _aChlorococcales lato sensu (Chlorophyceae, excl. Desmodesmus e Scenedesmus)em ambientes aquáticos na Planície costeira do rio Grande do Sul, Brasil
650 _aCHLOROPHYCEAE
650 _aALGA VERDE
650 _aTAXONOMIA VEGETAL
650 _aMORFOLOGIA VEGETAL
650 _aRIO GRANDE DO SUL
650 _aDISTRIBUIÇÃO GEOGRÁFICA
773 0 _tIheringia. Série Botânica (Brazil)
_xISSN
_g(Jun 2010), v. 65(1) p. 87-99
_wBR2012002791
909 _a202311
_bLúcia
_c55
_dLúcia Elande
942 _2AGRIS
_n0
_cANA
999 _c218458
_d218458